| 000 | 00398nam a2200145Ia 4500 | ||
|---|---|---|---|
| 008 | 231129s2001||||xx |||||||||||||| ||spa|| | ||
| 020 | _a950-557-498-3 | ||
| 040 | _bspa | ||
| 082 | _a307.76 R893m | ||
| 100 | _aRozitchner León | ||
| 245 | 0 | _aMi Buenos Aires querida | |
| 260 | _c2001 | ||
| 264 | _aMéxico : Fondo de Cultura Económica | ||
| 942 |
_2ddc _cBKS |
||
| 999 |
_c21092 _d21092 |
||